Miasta w Turkmenistanie - Statystyki

Ogólne statystyki
  • Ten quiz został rozwiązany 21 razy
  • Średni wynik to 2 z 10
Statystyki odpowiedzi
Populacja Miasto % Poprawnych
823 013 Aszchabad
93%
115 947 Mary
53%
68 519 Turkmenbaszy
53%
237 988 Turkmenabat
20%
87 600 Balkanabat
7%
204 949 Daszoguz
7%
78 191 Bayramaly
0%
39 873 Etrap Abadan
0%
76 682 Serdar
0%
69 158 Tedżen
0%
Nie znaleziono quizów pasujących do podanych kryteriów
Rozkład punktacji
Procent ludzi z każdym wynikiem
Percentyl według liczby udzielonych odpowiedzi
Twoja historia wyników
Nie rozwiązałeś tego quizu